<?xml version="1.0" encoding="UTF-8"?>
<collection xmlns="http://www.loc.gov/MARC21/slim">
 <record>
  <leader>00476pamaa2200157   4500</leader>
  <controlfield tag="001">0000015590</controlfield>
  <controlfield tag="005">20060623090000.0</controlfield>
  <datafield tag="020" ind1="0" ind2="0">
   <subfield code="a">0830621350 </subfield>
  </datafield>
  <datafield tag="082" ind1=" " ind2=" ">
   <subfield code="a">616.86 PLA 1992</subfield>
  </datafield>
  <datafield tag="090" ind1="0" ind2="0">
   <subfield code="a">RC533 </subfield>
   <subfield code="b">PLA 1992</subfield>
  </datafield>
  <datafield tag="100" ind1="1" ind2="0">
   <subfield code="a">PLAGENHOEF </subfield>
  </datafield>
  <datafield tag="245" ind1="1" ind2="0">
   <subfield code="a">Why am I still addicted? : </subfield>
   <subfield code="b">a holistic approach to recovery  </subfield>
   <subfield code="c">Richard L. Plagenhoef and Carol Adler.</subfield>
  </datafield>
  <datafield tag="260" ind1="0" ind2="0">
   <subfield code="a">Blue Ridge Summit: </subfield>
   <subfield code="b">Tab Books, </subfield>
   <subfield code="c">1992.</subfield>
  </datafield>
  <datafield tag="300" ind1=" " ind2=" ">
   <subfield code="a">ix, 240p.: </subfield>
   <subfield code="b">21cm.</subfield>
  </datafield>
  <datafield tag="650" ind1="0" ind2="0">
   <subfield code="a">Holistic medicine </subfield>
  </datafield>
  <datafield tag="700" ind1="1" ind2="1">
   <subfield code="a">ADLER, </subfield>
   <subfield code="h">Carol </subfield>
  </datafield>
 </record>
</collection>
